[Event "4NCL Division 2c"]
[Site "Puma Hotel, Hinckley Island EN"]
[Date "2013.03.24"]
[Round "8.35"]
[White "Spence, David J"]
[Black "Bentley, John L"]
[Result "1-0"]
[WhiteElo "2232"]
[BlackElo "2212"]
[PlyCount "87"]
[EventDate "2013.03.24"]
[WhiteTeam "Anglian Avengers 1"]
[BlackTeam "3Cs 1"]

1. e4 c5 2. c3 d5 3. exd5 Qxd5 4. d4 Nc6 5. Nf3 Bf5 6. Be3 cxd4 7. Nxd4 O-O-O
8. Na3 Nxd4 9. Qxd4 Qxd4 10. Bxd4 e5 11. Bxa7 Bxa3 12. bxa3 Kc7 13. Bc5 Nf6 14.
Bc4 Ne4 15. Be3 Nd6 16. Bb3 Bd3 17. O-O-O Bb5 18. a4 Bc6 19. a5 Rd7 20. f3 Re8
21. Bb6+ Kc8 22. Bc5 Red8 23. Rhe1 e4 24. Rxd6 Rxd6 25. Bxd6 Rxd6 26. fxe4 Rh6
27. h3 f6 28. Bd5 Kc7 29. Kd2 Rh5 30. c4 Rg5 31. g4 h5 32. gxh5 Rxh5 33. Rg1 g5
34. Rg3 Rh4 35. Bxc6 Kxc6 36. Rf3 Kc5 37. Kd3 Kb4 38. Rxf6 Rxh3+ 39. Kd4 Rh7
40. Rb6+ Ka4 41. a6 bxa6 42. Rxa6+ Kb4 43. Rb6+ Ka4 44. c5 1-0

[Event "4NCL Division 2c"]
[Site "Puma Hotel, Hinckley Island EN"]
[Date "2013.03.24"]
[Round "8.37"]
[White "Gray, Mark S"]
[Black "Walton, Alan J"]
[Result "1/2-1/2"]
[WhiteElo "2074"]
[BlackElo "2142"]
[PlyCount "38"]
[EventDate "2013.03.24"]
[WhiteTeam "Anglian Avengers 1"]
[BlackTeam "3Cs 1"]

1. e4 e6 2. d4 d5 3. Nd2 Be7 4. e5 c5 5. Qg4 Bf8 6. dxc5 Qc7 7. Qg3 Nd7 8. Ngf3
Ne7 9. Bd3 Nc6 10. Bb5 Nb4 11. Nd4 Qxc5 12. N2b3 Qb6 13. O-O a6 14. Bxd7+ Bxd7
15. c3 Nc6 16. Be3 Qc7 17. Nxc6 Bxc6 18. Nd4 g6 19. f4 Bc5 1/2-1/2

[Event "4NCL Division 2c"]
[Site "Puma Hotel, Hinckley Island EN"]
[Date "2013.03.24"]
[Round "8.38"]
[White "Horton, Andrew P"]
[Black "Gregory, Stephen J"]
[Result "0-1"]
[WhiteElo "1985"]
[BlackElo "2052"]
[PlyCount "72"]
[EventDate "2013.03.24"]
[WhiteTeam "3Cs 1"]
[BlackTeam "Anglian Avengers 1"]

1. e4 d6 2. d4 Nf6 3. Nc3 g6 4. Be3 c6 5. Qd2 b5 6. f3 Nbd7 7. g4 Nb6 8. O-O-O
b4 9. Nb1 a5 10. h4 h5 11. g5 Nfd7 12. f4 Bg7 13. Nh3 c5 14. dxc5 dxc5 15. Bb5
Qc7 16. c3 O-O 17. Qc2 Bb7 18. Rd2 Bc6 19. Bxc6 Qxc6 20. Rhd1 Nc4 21. Re2 Ndb6
22. Bg1 a4 23. b3 axb3 24. axb3 Na3 25. Nxa3 bxa3 26. Kb1 Qb5 27. e5 a2+ 28.
Ka1 Ra3 29. Qd3 c4 30. bxc4 Nxc4 31. Nf2 Rb8 32. Qd8+ Rxd8 33. Rxd8+ Kh7 34.
Rd1 Rxc3 35. Ne4 Rd3 36. Rc1 Nxe5 0-1

[Event "4NCL Division 2c"]
[Site "Puma Hotel, Hinckley Island EN"]
[Date "2013.03.24"]
[Round "8.41"]
[White "Yeo, Michael J"]
[Black "Snuverink, Jochem"]
[Result "1/2-1/2"]
[WhiteElo "2155"]
[BlackElo "2350"]
[PlyCount "92"]
[EventDate "2013.03.24"]
[WhiteTeam "Wessex"]
[BlackTeam "Kings Head"]

1. e4 c5 2. Nf3 Nc6 3. d4 cxd4 4. Nxd4 Nf6 5. Nc3 e5 6. Ndb5 d6 7. Bg5 a6 8.
Na3 b5 9. Bxf6 gxf6 10. Nd5 f5 11. Bd3 Be6 12. c3 Bg7 13. Nxb5 axb5 14. Bxb5
Bd7 15. exf5 O-O 16. O-O Ra7 17. Qg4 Re8 18. Bxc6 Kh8 19. Bxd7 Qxd7 20. Qe4 Ra4
21. Nb4 d5 22. Qxd5 Qxf5 23. Rfd1 Raa8 24. Rd3 Qg6 25. Rad1 f5 26. Qc6 Qh5 27.
Qf3 Qg5 28. Rd7 Rg8 29. g3 e4 30. Qe2 Rae8 31. h4 Qh6 32. R7d6 Re6 33. Rxe6
Qxe6 34. Kh2 f4 35. Nd3 Be5 36. Nxe5 Qxe5 37. Rg1 fxg3+ 38. fxg3 e3 39. Rg2 Rd8
40. Qf3 h5 41. Re2 Rd2 42. Kg2 Kg7 43. Kf1 Rd1+ 44. Kg2 Rd2 45. Kf1 Rd1+ 46.
Kg2 Rd2 1/2-1/2

[Event "4NCL Division 2c"]
[Site "Puma Hotel, Hinckley Island EN"]
[Date "2013.03.24"]
[Round "8.42"]
[White "McMichael, Richard J"]
[Black "Lock, Gavin R"]
[Result "1/2-1/2"]
[WhiteElo "2248"]
[BlackElo "2173"]
[PlyCount "53"]
[EventDate "2013.03.24"]
[WhiteTeam "Kings Head"]
[BlackTeam "Wessex"]

1. f4 d5 2. Nf3 g6 3. e3 Bg7 4. d4 Nf6 5. Bd3 O-O 6. O-O c5 7. c3 b6 8. Qe2 Bb7
9. Bd2 Ne4 10. Be1 Nd7 11. Nbd2 Ndf6 12. Ne5 Nd6 13. Bh4 Nfe4 14. g4 f6 15.
Nef3 Qd7 16. h3 Rae8 17. Rad1 Qc8 18. Kh2 Kh8 19. Rg1 e5 20. Qg2 Nxc3 21. bxc3
e4 22. Bb1 exf3 23. Qxf3 cxd4 24. exd4 f5 25. Rge1 Ne4 26. Nxe4 fxe4 27. Qe3
1/2-1/2

[Event "4NCL Division 2c"]
[Site "Puma Hotel, Hinckley Island EN"]
[Date "2013.03.24"]
[Round "8.43"]
[White "Simons, Martin J"]
[Black "Kwiatkowski, Feliks J"]
[Result "0-1"]
[WhiteElo "2159"]
[BlackElo "2209"]
[PlyCount "84"]
[EventDate "2013.03.24"]
[WhiteTeam "Wessex"]
[BlackTeam "Kings Head"]

1. e4 c5 2. Nc3 Nc6 3. f4 g6 4. Nf3 Bg7 5. Bb5 Nd4 6. O-O Nxb5 7. Nxb5 d5 8. e5
a6 9. Nc3 d4 10. Ne4 Qd5 11. Qe2 Nh6 12. c4 dxc3 13. dxc3 O-O 14. c4 Qc6 15. b3
Bg4 16. Bb2 Nf5 17. Rad1 Rad8 18. h3 Bxf3 19. Qxf3 Nd4 20. Bxd4 cxd4 21. Rd3 f6
22. exf6 exf6 23. Rfd1 f5 24. Ng5 Rfe8 25. Kf2 h6 26. Qxc6 bxc6 27. Nf3 c5 28.
Re1 Re4 29. g3 Rde8 30. Rd2 Bf6 31. h4 g5 32. hxg5 hxg5 33. Rg1 g4 34. Ne5 Bxe5
35. fxe5 R8xe5 36. Rb1 a5 37. a3 Re3 38. b4 Rf3+ 39. Kg2 axb4 40. axb4 cxb4 41.
Rxb4 d3 42. Rb8+ Kf7 0-1

[Event "4NCL Division 2c"]
[Site "Puma Hotel, Hinckley Island EN"]
[Date "2013.03.24"]
[Round "8.44"]
[White "Whiteley, Andrew J"]
[Black "Pleasants, Allan J"]
[Result "1-0"]
[WhiteElo "2251"]
[BlackElo "2039"]
[PlyCount "63"]
[EventDate "2013.03.24"]
[WhiteTeam "Kings Head"]
[BlackTeam "Wessex"]

1. d4 d6 2. Nf3 g6 3. g3 Bg7 4. Bg2 Nf6 5. O-O O-O 6. c4 Nc6 7. Nc3 Bg4 8. d5
Bxf3 9. exf3 Ne5 10. Qe2 Re8 11. b3 e6 12. f4 Ned7 13. dxe6 Rxe6 14. Qc2 c6 15.
f5 Re8 16. Bf4 Ne5 17. Rad1 Qc7 18. Rfe1 Bf8 19. Bg5 Ned7 20. Qd2 Rxe1+ 21.
Rxe1 Re8 22. Rd1 Bg7 23. fxg6 hxg6 24. Qxd6 Qa5 25. Bd2 Re6 26. Qd3 Qh5 27. h3
Nc5 28. Qf3 Qe5 29. g4 Rd6 30. Re1 Qd4 31. Bf4 Re6 32. Rd1 1-0

[Event "4NCL Division 2c"]
[Site "Puma Hotel, Hinckley Island EN"]
[Date "2013.03.24"]
[Round "8.45"]
[White "Tunks, Dominic R"]
[Black "Haria, Ravi"]
[Result "1/2-1/2"]
[WhiteElo "2055"]
[BlackElo "2076"]
[PlyCount "135"]
[EventDate "2013.03.24"]
[WhiteTeam "Wessex"]
[BlackTeam "Kings Head"]

1. e4 e6 2. Nf3 d5 3. e5 c5 4. Bb5+ Bd7 5. Bxd7+ Qxd7 6. d3 Nc6 7. O-O g6 8. c4
Bg7 9. Qe2 Nge7 10. Nc3 O-O 11. Re1 Nf5 12. Bf4 Nfd4 13. Nxd4 Nxd4 14. Qd2 f6
15. Rad1 fxe5 16. Bxe5 Rf5 17. Bg3 Raf8 18. Kh1 Bf6 19. Rb1 Bg5 20. Qd1 h5 21.
Qa4 Qxa4 22. Nxa4 b6 23. h4 Bd2 24. Red1 Bf4 25. Nc3 Bxg3 26. fxg3 Nc2 27. Kg1
d4 28. Ne4 Re5 29. a3 Ne3 30. Re1 Rxe4 31. dxe4 Kg7 32. b4 Rc8 33. Kf2 Kf6 34.
Ke2 Ke5 35. Kd3 Ng4 36. bxc5 bxc5 37. Rf1 Kd6 38. Rb7 Ne5+ 39. Kc2 Nxc4 40. Rf3
a5 41. Rf6 Rd8 42. Rxg6 d3+ 43. Kc3 d2 44. Rb1 Nxa3 45. Rd1 Ke7 46. Rg7+ Kf6
47. Rb7 Rg8 48. Kxd2 Rxg3 49. Rc1 Rxg2+ 50. Kc3 a4 51. Rb6 Ke5 52. Ra6 Nb5+ 53.
Kc4 Nd6+ 54. Kxc5 Nxe4+ 55. Kc6 Rg4 56. Ra5+ Kf6 57. Rxh5 Kg6 58. Ra5 Rxh4 59.
Rxa4 Kf5 60. Rcc4 Rf4 61. Ra8 e5 62. Rf8+ Nf6 63. Kb5 Rxc4 64. Kxc4 Ke6 65. Ra8
Nd7 66. Ra6+ Kf5 67. Rd6 Nf6 68. Kd3 1/2-1/2

[Event "4NCL Division 2c"]
[Site "Puma Hotel, Hinckley Island EN"]
[Date "2013.03.24"]
[Round "8.46"]
[White "Guthrie, David W"]
[Black "Gregory, Keith DF"]
[Result "1-0"]
[WhiteElo "2170"]
[BlackElo "2047"]
[PlyCount "105"]
[EventDate "2013.03.24"]
[WhiteTeam "Kings Head"]
[BlackTeam "Wessex"]

1. d4 d6 2. Nf3 Nd7 3. e4 e5 4. Bc4 Be7 5. Nc3 c6 6. O-O h6 7. dxe5 dxe5 8. a4
Qc7 9. Ne2 Ngf6 10. Ng3 g6 11. b3 b6 12. Qe2 a6 13. Bb2 Bb7 14. Rae1 Bb4 15.
Bxf7+ Kxf7 16. Qc4+ Kg7 17. Qxb4 c5 18. Qc3 Rhe8 19. Nh4 Kh7 20. Bc1 Re7 21. f4
Rae8 22. fxe5 Qxe5 23. Qxe5 Rxe5 24. Bb2 R5e6 25. Rd1 R8e7 26. Nf3 Ng4 27. Rfe1
Nge5 28. Nxe5 Nxe5 29. Rd8 Nf7 30. Rb8 h5 31. Rf1 Ne5 32. Rff8 a5 33. Bc1 Nf7
34. Bb2 Ne5 35. h3 Ba6 36. Rh8+ Kg7 37. Bc1 Nd7 38. Rbg8+ Kf7 39. Bg5 Re8 40.
Rxe8 Rxe8 41. Rh7+ Ke6 42. Rg7 Ne5 43. Ra7 Bc8 44. Ne2 Nd7 45. Kf2 Ne5 46. Nf4+
Kd6 47. Nd5 Rf8+ 48. Ke2 Nc6 49. Be7+ Nxe7 50. Rxe7 Be6 51. Rg7 Bxd5 52. exd5
Rf6 53. c4 1-0

[Event "4NCL Division 2c"]
[Site "Puma Hotel, Hinckley Island EN"]
[Date "2013.03.24"]
[Round "8.47"]
[White "Gill, Oliver"]
[Black "Thomas, Rik H"]
[Result "0-1"]
[WhiteElo "1984"]
[BlackElo "2183"]
[PlyCount "76"]
[EventDate "2013.03.24"]
[WhiteTeam "Wessex"]
[BlackTeam "Kings Head"]

1. e4 g6 2. d4 Bg7 3. Nc3 c6 4. Bc4 d6 5. Qf3 e6 6. Nge2 d5 7. Bd3 Nd7 8. exd5
exd5 9. g4 Ne7 10. h4 Nf6 11. g5 Nh5 12. Be3 Bf5 13. O-O-O Qd7 14. Qg2 O-O-O
15. Ng3 Nxg3 16. fxg3 Rde8 17. Be2 Bg4 18. Bg1 f6 19. gxf6 Bxf6 20. Rf1 Rhf8
21. Bxg4 Qxg4 22. Rf4 Qd7 23. Bf2 g5 24. Rf3 Nf5 25. hxg5 Bxg5+ 26. Kb1 Nd6 27.
Rxf8 Rxf8 28. g4 Rf4 29. Rg1 Qe6 30. a3 h6 31. Nd1 Nc4 32. Qh3 Qe2 33. Bh4 Rxd4
34. Bxg5 Rxd1+ 35. Rxd1 Qxd1+ 36. Bc1 Nd2+ 37. Ka2 Qxc1 38. g5+ Kd8 0-1

[Event "4NCL Division 2c"]
[Site "Puma Hotel, Hinckley Island EN"]
[Date "2013.03.24"]
[Round "8.48"]
[White "Lewis, Alex"]
[Black "Reid, Vaness"]
[Result "1-0"]
[WhiteElo "2175"]
[BlackElo "1844"]
[PlyCount "79"]
[EventDate "2013.03.24"]
[WhiteTeam "Kings Head"]
[BlackTeam "Wessex"]

1. e4 c6 2. d3 d5 3. Nd2 dxe4 4. dxe4 Nf6 5. Ngf3 Bg4 6. Be2 Nbd7 7. h3 Bxf3 8.
Bxf3 e6 9. O-O Be7 10. b3 O-O 11. Bb2 Qc7 12. g3 Rad8 13. Qe2 Bc5 14. Bg2 Qxg3
15. b4 Bb6 16. Nc4 Qb8 17. Nxb6 axb6 18. Kh1 e5 19. Rg1 Kh8 20. c4 Ng8 21. Rad1
Ne7 22. Qg4 Nf6 23. Qg5 Rxd1 24. Rxd1 Ng6 25. f4 h6 26. Qf5 Re8 27. fxe5 Nxe5
28. c5 bxc5 29. bxc5 Re6 30. Rd6 Nc4 31. e5 Nxd6 32. cxd6 Nd7 33. Be4 Qg8 34.
Bc2 Nf8 35. Bb3 Qh7 36. Bxe6 Nxe6 37. Qxh7+ Kxh7 38. d7 c5 39. Bc3 b6 40. a4
1-0

[Event "4NCL Division 2d"]
[Site "Puma Hotel, Hinckley Island EN"]
[Date "2013.03.24"]
[Round "8.51"]
[White "Coathup, Roger H"]
[Black "Swanson, Stephen"]
[Result "1/2-1/2"]
[WhiteElo "2123"]
[BlackElo "2253"]
[PlyCount "76"]
[EventDate "2013.03.24"]
[WhiteTeam "North East England"]
[BlackTeam "Poisoned Pawns"]

1. c4 g6 2. g3 Bg7 3. Bg2 e5 4. Nc3 Ne7 5. e3 O-O 6. Nge2 d6 7. O-O c6 8. d4
Na6 9. b3 exd4 10. Nxd4 Nc5 11. Bb2 a5 12. Qd2 a4 13. b4 a3 14. Bc1 Ne6 15. Rb1
Nxd4 16. exd4 Nf5 17. d5 c5 18. bxc5 dxc5 19. Nb5 Nd6 20. Qf4 Nxb5 21. Rxb5 b6
22. Rb3 Bf5 23. Rxa3 Rxa3 24. Bxa3 Qd7 25. Be4 Bxe4 26. Qxe4 Re8 27. Qd3 h5 28.
Rb1 h4 29. Bb2 Bxb2 30. Rxb2 Re1+ 31. Kg2 h3+ 32. Kf3 Qd6 33. Re2 Qf6+ 34. Ke3
Rc1 35. Rc2 Re1+ 36. Re2 Rc1 37. Rc2 Re1+ 38. Re2 Rc1 1/2-1/2

[Event "4NCL Division 2d"]
[Site "Puma Hotel, Hinckley Island EN"]
[Date "2013.03.24"]
[Round "8.52"]
[White "Byway, Paul V"]
[Black "Prasath, Malola TS"]
[Result "1/2-1/2"]
[WhiteElo "2157"]
[BlackElo "2076"]
[PlyCount "113"]
[EventDate "2013.03.24"]
[WhiteTeam "Poisoned Pawns"]
[BlackTeam "North East England"]

1. Nf3 d5 2. g3 Nc6 3. d4 Bf5 4. c3 Nf6 5. Bg2 h5 6. Bf4 Ne4 7. Nbd2 f6 8. Nxe4
Bxe4 9. h4 e5 10. dxe5 fxe5 11. Bg5 Be7 12. Qd2 Bxg5 13. hxg5 d4 14. Rh4 Bd5
15. Kf1 dxc3 16. Qxc3 Qe7 17. Nxe5 Nxe5 18. Bxd5 O-O-O 19. Qb4 c5 20. Bxb7+ Kb8
21. Qc3 Kxb7 22. Re4 Rd4 23. Rxd4 cxd4 24. Qxd4 Nc6 25. Qd5 Rd8 26. Qb5+ Kc7
27. Rc1 Rd6 28. Qa5+ Kd7 29. Qf5+ Ke8 30. Rc3 Qxe2+ 31. Kg2 Re6 32. Qd5 Nd8 33.
Rc7 Qe4+ 34. Qxe4 Rxe4 35. Rxg7 Ra4 36. a3 Ne6 37. Rg6 Kf7 38. Rf6+ Ke7 39. f4
h4 40. Rf5 hxg3 41. Kxg3 Ng7 42. Re5+ Kd6 43. g6 Ra6 44. Kg4 Rb6 45. b4 Ra6 46.
Re3 Kd5 47. f5 Rf6 48. Re7 Nxf5 49. Rxa7 Nd6 50. Kg5 Ne4+ 51. Kh6 Rf3 52. a4
Rg3 53. Kg7 Nd6 54. b5 Ke6 55. Ra6 Ke7 56. Ra7+ Ke6 57. Ra6 1/2-1/2

[Event "4NCL Division 2d"]
[Site "Puma Hotel, Hinckley Island EN"]
[Date "2013.03.24"]
[Round "8.53"]
[White "Davey, Mark"]
[Black "Goodger, Martyn"]
[Result "0-1"]
[WhiteElo "1999"]
[BlackElo "2086"]
[PlyCount "133"]
[EventDate "2013.03.24"]
[WhiteTeam "North East England"]
[BlackTeam "Poisoned Pawns"]

1. e4 e5 2. Nf3 Nf6 3. Nxe5 d6 4. Nf3 Nxe4 5. d3 Nf6 6. d4 Be7 7. Bd3 c6 8. O-O
Bg4 9. Re1 O-O 10. Nbd2 Nbd7 11. Nf1 Re8 12. h3 Bh5 13. Ng3 Bg6 14. Nf5 Bf8 15.
Rxe8 Qxe8 16. Bf4 d5 17. Nd6 Qb8 18. Bxg6 hxg6 19. Nxf7 Qxf4 20. N7g5 Re8 21.
Qd3 Ne4 22. Re1 Ndf6 23. Nxe4 Nxe4 24. g3 Qf5 25. Kg2 Bd6 26. Qb3 Rf8 27. Re2
g5 28. Qe3 g4 29. hxg4 Qxg4 30. Nh2 Qf5 31. c4 Nf6 32. c5 Bb8 33. Qb3 Rf7 34.
a4 Qd7 35. Qe3 Kf8 36. Qg5 Re7 37. Rxe7 Qxe7 38. f3 Qe2+ 39. Kh3 Qd3 40. f4
Qxd4 41. Qf5 Qe4 42. Qc8+ Qe8 43. Qxb7 Qd7+ 44. Qxd7 Nxd7 45. b4 a5 46. bxa5
Nxc5 47. Nf3 Nxa4 48. Nd4 c5 49. Nc6 Bc7 50. a6 c4 51. a7 Nb6 52. Kg4 Kf7 53.
Kf3 Na8 54. g4 Bb6 55. f5 c3 56. Ke2 Kf6 57. Kd3 d4 58. Nb4 Bxa7 59. Ke4 Kg5
60. Ke5 Nc7 61. Nd3 Ne8 62. Ke6 Kxg4 63. Ke5 Kf3 64. Kd5 Ke3 65. Kc4 Nd6+ 66.
Kd5 Kxd3 67. Kxd6 0-1

[Event "4NCL Division 2d"]
[Site "Puma Hotel, Hinckley Island EN"]
[Date "2013.03.24"]
[Round "8.55"]
[White "Plater, Ron"]
[Black "Rosen, Daniel B"]
[Result "0-1"]
[WhiteElo "1934"]
[BlackElo "2085"]
[PlyCount "56"]
[EventDate "2013.03.24"]
[WhiteTeam "North East England"]
[BlackTeam "Poisoned Pawns"]

1. d4 f5 2. h4 Nf6 3. h5 e6 4. Bg5 c5 5. Bxf6 Qxf6 6. c3 Nc6 7. Nf3 Be7 8. e3
O-O 9. Nbd2 b6 10. Bd3 cxd4 11. exd4 Bb7 12. Qe2 a6 13. Nc4 b5 14. Nb6 Rad8 15.
a4 Na7 16. axb5 Nxb5 17. Bxb5 axb5 18. Qxb5 Bc6 19. Qe2 Rb8 20. Ra6 Bd8 21.
Nxd7 Bxd7 22. Rd6 Qe7 23. Ra6 Re8 24. Ra2 Bb5 25. c4 Qb4+ 26. Nd2 Bc6 27. O-O
Bf6 28. Nf3 Bxf3 0-1

[Event "4NCL Division 2d"]
[Site "Puma Hotel, Hinckley Island EN"]
[Date "2013.03.24"]
[Round "8.61"]
[White "Jones, Victor GL"]
[Black "Jones, Richard S"]
[Result "1/2-1/2"]
[WhiteElo "2240"]
[BlackElo "2399"]
[PlyCount "86"]
[EventDate "2013.03.24"]
[WhiteTeam "KJCA Kings"]
[BlackTeam "Rhyfelwyr Essyllwg 1"]

1. e4 e5 2. Nf3 Nf6 3. Nxe5 d6 4. Nf3 Nxe4 5. d4 d5 6. Bd3 Nc6 7. O-O Be7 8. c4
Nb4 9. Be2 O-O 10. a3 Nc6 11. Nc3 Nxc3 12. bxc3 Bf5 13. Be3 dxc4 14. Bxc4 Bd6
15. Be2 Ne7 16. c4 c6 17. Qb3 Qc8 18. Bd3 Bxd3 19. Qxd3 Qf5 20. Qxf5 Nxf5 21.
Rfb1 Rab8 22. Bd2 b5 23. Rc1 Rfe8 24. cxb5 cxb5 25. Rc6 Be7 26. Rb1 Red8 27.
Be3 a5 28. Ra6 b4 29. Bf4 Ra8 30. Rxa8 Rxa8 31. g4 Nh6 32. axb4 axb4 33. Ne5
Bd6 34. h3 Rc8 35. Bd2 f6 36. Nd3 Rc4 37. Bxb4 Rxd4 38. Bxd6 Rxd6 39. Rb3 Nf7
40. Kg2 Ng5 41. Rb8+ Kf7 42. Rb7+ Kf8 43. Rb8+ Kf7 1/2-1/2

[Event "4NCL Division 2d"]
[Site "Puma Hotel, Hinckley Island EN"]
[Date "2013.03.24"]
[Round "8.62"]
[White "Kett, Timothy J"]
[Black "Foord, Dominic"]
[Result "1/2-1/2"]
[WhiteElo "2220"]
[BlackElo "2099"]
[PlyCount "117"]
[EventDate "2013.03.24"]
[WhiteTeam "Rhyfelwyr Essyllwg 1"]
[BlackTeam "KJCA Kings"]

1. e4 e5 2. Nf3 Nc6 3. Bc4 Bc5 4. d4 Bxd4 5. Nxd4 Nxd4 6. O-O d6 7. f4 Be6 8.
Bxe6 Nxe6 9. Nc3 c6 10. f5 Nc7 11. Qg4 Kf8 12. Be3 Nf6 13. Qh4 Kg8 14. Rad1
Nce8 15. Rf3 Nd7 16. Qf2 Qc7 17. g4 h6 18. h4 Ndf6 19. Rg3 h5 20. g5 Ng4 21.
Rxg4 hxg4 22. Qg3 d5 23. exd5 Nd6 24. Qxg4 e4 25. dxc6 bxc6 26. Qf4 Nb5 27.
Nxb5 Qxf4 28. Bxf4 cxb5 29. Bg3 Rc8 30. c3 Rh5 31. Rd5 a6 32. Kf2 f6 33. g6 Kf8
34. Ke3 Rc4 35. Rd8+ Ke7 36. Rg8 Rxf5 37. Rxg7+ Ke6 38. Bf4 b4 39. Ra7 bxc3 40.
Rxa6+ Ke7 41. bxc3 Rd5 42. Ra8 Rxc3+ 43. Kxe4 Rdc5 44. Ra7+ Ke6 45. Ra6+ Rc6
46. Rxc6+ Rxc6 47. h5 f5+ 48. Kd4 Kf6 49. Kd5 Ra6 50. Be5+ Kg5 51. g7 Ra8 52.
Ke6 Kxh5 53. Kf7 Ra7+ 54. Kf6 Ra8 55. Kxf5 Kh6 56. Kf6 Kh7 57. Kf7 Rg8 58. a3
Rxg7+ 59. Bxg7 1/2-1/2

[Event "4NCL Division 2d"]
[Site "Puma Hotel, Hinckley Island EN"]
[Date "2013.03.24"]
[Round "8.63"]
[White "Jones, William EG"]
[Black "Spice, Alan P"]
[Result "1-0"]
[WhiteElo "2111"]
[BlackElo "2104"]
[PlyCount "109"]
[EventDate "2013.03.24"]
[WhiteTeam "KJCA Kings"]
[BlackTeam "Rhyfelwyr Essyllwg 1"]

1. e4 e6 2. d4 d5 3. Nc3 Nf6 4. e5 Nfd7 5. f4 c5 6. Nf3 Nc6 7. Be3 cxd4 8. Nxd4
Bc5 9. Qd2 O-O 10. O-O-O a6 11. Qf2 Bxd4 12. Bxd4 b5 13. Be3 b4 14. Na4 a5 15.
Kb1 Ba6 16. Bxa6 Rxa6 17. Rd3 Qc7 18. Nc5 Nxc5 19. Bxc5 Rc8 20. Bd6 Qd7 21. f5
exf5 22. Rxd5 Nxe5 23. Rhd1 Ng4 24. Qe2 Raa8 25. Bxb4 Qc7 26. Bd6 Qc6 27. Rxf5
Qxc2+ 28. Qxc2 Rxc2 29. Kxc2 Ne3+ 30. Kb3 Nxf5 31. Bc7 Kf8 32. Rd8+ Rxd8 33.
Bxd8 Ne3 34. Bxa5 Nxg2 35. Bb6 Ke8 36. a4 Kd7 37. Kc4 Nf4 38. b4 Ne6 39. a5 Kc6
40. b5+ Kb7 41. Bf2 Nc7 42. Bg3 f5 43. a6+ Nxa6 44. bxa6+ Kxa6 45. Kd5 Kb5 46.
Ke6 Kc4 47. Kf7 g5 48. Kf6 f4 49. Be1 g4 50. Kf5 g3 51. h4 g2 52. Bf2 Kd3 53.
Kxf4 Ke2 54. Bb6 Kf1 55. Kg5 1-0

[Event "4NCL Division 2d"]
[Site "Puma Hotel, Hinckley Island EN"]
[Date "2013.03.24"]
[Round "8.64"]
[White "Young, Alan"]
[Black "Ball, Laurence"]
[Result "1/2-1/2"]
[WhiteElo "2063"]
[BlackElo "2081"]
[PlyCount "99"]
[EventDate "2013.03.24"]
[WhiteTeam "Rhyfelwyr Essyllwg 1"]
[BlackTeam "KJCA Kings"]

1. e4 Nc6 2. Nf3 d6 3. d4 Nf6 4. Nc3 g6 5. Be2 Bg7 6. O-O O-O 7. h3 e5 8. Bg5
h6 9. Be3 exd4 10. Nxd4 Re8 11. Nxc6 bxc6 12. Bf3 Bd7 13. Qd2 Kh7 14. Kh2 Qb8
15. a4 a5 16. g3 Qc8 17. Bg2 Rb8 18. Rab1 Rb4 19. b3 Qa8 20. Rbd1 Qc8 21. f4
Nxe4 22. Nxe4 Rbxe4 23. Bxe4 Rxe4 24. g4 h5 25. gxh5 Bxh3 26. hxg6+ fxg6 27.
Rg1 Bf5 28. Rg3 Bf6 29. Rh1 d5 30. c3 Qe6 31. Kg1+ Kg8 32. Kf2 Bg4 33. Qd3 Kg7
34. Bd2 Qf5 35. Rxg4 Qxg4 36. Rg1 Bh4+ 37. Kf1 Rxf4+ 38. Bxf4 Qxf4+ 39. Kg2
Qf2+ 40. Kh1 Qf7 41. b4 axb4 42. cxb4 Bf6 43. a5 g5 44. Rg2 Qe7 45. Rh2 Qe1+
46. Kg2 Kf8 47. Qf3 Kg7 48. Qd3 Qxb4 49. Rh7+ Kf8 50. Qf3 1/2-1/2

[Event "4NCL Division 2d"]
[Site "Puma Hotel, Hinckley Island EN"]
[Date "2013.03.24"]
[Round "8.65"]
[White "Ganesan, Arasu"]
[Black "Morris, Gareth L"]
[Result "0-1"]
[WhiteElo "2088"]
[BlackElo "2091"]
[PlyCount "112"]
[EventDate "2013.03.24"]
[WhiteTeam "KJCA Kings"]
[BlackTeam "Rhyfelwyr Essyllwg 1"]

1. c4 Nf6 2. Nc3 e5 3. g3 Nc6 4. Bg2 g6 5. e4 Bg7 6. Nge2 d6 7. d3 a5 8. a3 O-O
9. O-O Nd7 10. Rb1 f5 11. f4 exf4 12. exf5 fxg3 13. Nxg3 Nf6 14. fxg6 Ng4 15.
Bd5+ Kh8 16. Rxf8+ Qxf8 17. Qf3 Bd4+ 18. Kg2 Qxf3+ 19. Bxf3 Nf2 20. g7+ Kxg7
21. Nh5+ Kh8 22. Nf4 Bf5 23. Ne4 Rg8+ 24. Kf1 Ne5 25. Ng3 Rxg3 26. hxg3 Nxf3
27. g4 Bxg4 28. b4 a4 29. Kg2 Ne5 30. Bb2 Bxb2 31. Rxb2 Nfxd3 32. Nxd3 Nxd3 33.
Rd2 Bf5 34. Kg3 Kg7 35. Re2 Kf7 36. Kh4 c6 37. Kg5 Bg6 38. Re3 d5 39. cxd5 cxd5
40. Rf3+ Ke7 41. Rf6 d4 42. Rb6 Be4 43. Kg4 Kd7 44. Rf6 Bg6 45. Kf3 Ne5+ 46.
Kg3 d3 47. Rf4 b5 48. Kf2 Nc4 49. Rh4 Nxa3 50. Ke1 Nc4 51. Kd1 a3 52. Rh2 Ne3+
53. Kc1 Nf1 54. Rh1 d2+ 55. Kd1 a2 56. Rxf1 a1=Q+ 0-1

[Event "4NCL Division 2d"]
[Site "Puma Hotel, Hinckley Island EN"]
[Date "2013.03.24"]
[Round "8.66"]
[White "Trevelyan, John"]
[Black "Bayliss, Lyall CP"]
[Result "1/2-1/2"]
[WhiteElo "2129"]
[BlackElo "1944"]
[PlyCount "144"]
[EventDate "2013.03.24"]
[WhiteTeam "Rhyfelwyr Essyllwg 1"]
[BlackTeam "KJCA Kings"]

1. d4 Nf6 2. c4 g6 3. Nc3 d5 4. Nf3 Bg7 5. Bg5 Ne4 6. cxd5 Nxg5 7. Nxg5 e6 8.
Nf3 exd5 9. e3 O-O 10. Rc1 a5 11. a3 c6 12. b4 b5 13. Be2 Qd6 14. Qb3 Nd7 15.
O-O Nb6 16. Ne1 Bf5 17. Nd3 Bxd3 18. Bxd3 Rfb8 19. Ra1 axb4 20. axb4 Bf8 21.
Rab1 Nc4 22. Rfd1 Ra3 23. Qc2 Ra7 24. Qb3 f5 25. g3 Rba8 26. Bxc4 dxc4 27. Qc2
Bg7 28. e4 fxe4 29. Nxe4 Qd5 30. Nc3 Qf3 31. Rbc1 Ra3 32. Qd2 Rd8 33. Qe3 Qxe3
34. fxe3 Rb3 35. Kf2 Rb2+ 36. Ne2 Rf8+ 37. Ke1 Rxb4 38. d5 cxd5 39. Rxd5 Re8
40. Kf2 Rb3 41. Nd4 Bxd4 42. exd4 c3 43. Rc5 b4 44. Rc7 Rb2+ 45. Kf3 Rd2 46.
Ra1 c2 47. Raa7 Rxh2 48. Rab7 Rf8+ 49. Kg4 b3 50. Rxb3 Rd8 51. d5 c1=Q 52. Rxc1
Rxd5 53. Rc7 h5+ 54. Kf3 Rf5+ 55. Ke3 Rhf2 56. Rb8+ Rf8 57. Rbb7 R2f7 58. g4
Re8+ 59. Kd3 Rxc7 60. Rxc7 hxg4 61. Rc4 Kg7 62. Rxg4 Kf6 63. Rf4+ Kg5 64. Rf1
Re5 65. Kd4 Rf5 66. Rg1+ Kf6 67. Ke4 g5 68. Rg3 Re5+ 69. Kf3 Kf5 70. Kg2 g4 71.
Ra3 Kg5 72. Kg3 Rf5 1/2-1/2

[Event "4NCL Division 2d"]
[Site "Puma Hotel, Hinckley Island EN"]
[Date "2013.03.24"]
[Round "8.67"]
[White "Maguire, Robert"]
[Black "Brown, Tom"]
[Result "0-1"]
[WhiteElo "1956"]
[BlackElo "2091"]
[PlyCount "108"]
[EventDate "2013.03.24"]
[WhiteTeam "KJCA Kings"]
[BlackTeam "Rhyfelwyr Essyllwg 1"]

1. e4 c6 2. c4 d5 3. cxd5 cxd5 4. exd5 Nf6 5. Qa4+ Nbd7 6. Nc3 g6 7. Bc4 Bg7 8.
d3 a6 9. Qa3 O-O 10. Nf3 b6 11. O-O Bb7 12. Re1 b5 13. Bb3 Re8 14. Qb4 Nb6 15.
Qh4 Nbxd5 16. Ne5 e6 17. Bg5 Qd6 18. Nf3 Nh5 19. Ne4 Qf8 20. Re2 h6 21. Be3 f5
22. Bc5 Qf7 23. Nd6 Qd7 24. Nxe8 Qxe8 25. Bxd5 Bxd5 26. Qe7 Qxe7 27. Bxe7 Nf4
28. Rd2 g5 29. Ne1 Rc8 30. Bd6 e5 31. d4 e4 32. Nc2 Nxg2 33. Nb4 Bb7 34. Rc2
Rxc2 35. Nxc2 Nh4 36. Bc5 Nf3+ 37. Kg2 f4 38. Rd1 e3 39. fxe3 Nxd4+ 40. Kf2
Nxc2 41. Rd8+ Kh7 42. exf4 Be4 43. Rd7 Kg6 44. Rd6+ Kf5 45. fxg5 hxg5 46. Rxa6
Bxb2 47. a4 b4 48. Rb6 Bd5 49. a5 b3 50. a6 Bc3 51. Ke2 b2 52. Kd3 Nb4+ 53.
Kxc3 b1=Q 54. Rxb4 Qc1+ 0-1

[Event "4NCL Division 2d"]
[Site "Puma Hotel, Hinckley Island EN"]
[Date "2013.03.24"]
[Round "8.68"]
[White "Kostanjsek, Luke"]
[Black "Rao, Raunak"]
[Result "1/2-1/2"]
[WhiteElo "1881"]
[BlackElo "1745"]
[PlyCount "61"]
[EventDate "2013.03.24"]
[WhiteTeam "Rhyfelwyr Essyllwg 1"]
[BlackTeam "KJCA Kings"]

1. d4 Nf6 2. c4 e6 3. Nc3 d5 4. cxd5 exd5 5. Bg5 Be7 6. e3 O-O 7. Bd3 c6 8. Qc2
Nbd7 9. f3 Re8 10. Nge2 Nf8 11. O-O h6 12. Bh4 Ne6 13. Rad1 a5 14. Bf5 Nc7 15.
Bxc8 Rxc8 16. Bxf6 Bxf6 17. e4 Be7 18. Kh1 Bb4 19. a3 Bxc3 20. Nxc3 Qe7 21. e5
c5 22. f4 Red8 23. Qe2 Ne6 24. dxc5 Qxc5 25. f5 Nc7 26. Rf4 d4 27. Qf2 Qxe5 28.
Rfxd4 Rxd4 29. Rxd4 Re8 30. Re4 Qd6 31. Rxe8+ 1/2-1/2